000 01305nam a2200349 i 4500
003 EG-GICUC
005 20260121101721.0
008 260113s2016 ua ||||fr|||| 00| 0 ara d
017 _a23763
020 _a9789770482506
040 _a EG-GICUC
_bara
_c EG-GICUC
_d EG-GICUC
_erda
041 0 _aara
082 0 4 _a343.431
_bع ب . ت
_221
092 0 4 _221
099 _aLaw1 10 343.431 ع ب . ت ed 1 - 2016 1006409
100 0 _aعبد الحليم فؤاد الفقي.
_eمؤلف.
245 1 0 _aتعويض ضحايا الجرائم الإرهابية :
_bدراسة مقارنة /
_cالدكتور عبد الحليم فؤاد الفقي.
250 _aالطبعة الأولى،
264 1 _aالقاهرة :
_bدار النهضة العربية،
_c2016.
300 _a131 صفحة ؛
_c24 سم.
336 _2rda content
_atext
337 _2rda media
_aComputer
338 _2rda carrier
_aOnline Resource
504 _aيشتمل على ارجاعات ببليوجرافية.
546 _aالنص باللغة العربية
650 1 4 _aالتشريع الخاص بالإرهاب.
_2qrmak
650 1 4 _aالقانون الجنائي.
_2qrmak
651 1 _2qrmak
856 4 0 _uhttps://fll.law.cu.edu.eg/fulltext/bks/B10-06409.pdf
905 _a18
942 _2ddc
_cBK
_e21
_n0
999 _c56667
_d56667